Statistical Mechanics of Nonequilibrium Liquids (Record no. 531242)
[ view plain ]
| 000 -LEADER | |
|---|---|
| fixed length control field | 00376nam a2200133Ia 4500 |
| 008 - FIXED-LENGTH DATA ELEMENTS--GENERAL INFORMATION | |
| fixed length control field | 191014s9999 xx 000 0 und d |
| 020 ## - INTERNATIONAL STANDARD BOOK NUMBER | |
| International Standard Book Number | 978-192131322-6 |
| 082 ## - DEWEY DECIMAL CLASSIFICATION NUMBER | |
| Classification number | 530.13 |
| Author Mark | EVA |
| 100 ## - MAIN ENTRY--PERSONAL NAME | |
| Personal name | Denis j. Evans, Gary p. Morriss |
| 9 (RLIN) | 23745 |
| 245 #0 - TITLE STATEMENT | |
| Title | Statistical Mechanics of Nonequilibrium Liquids |
| 260 ## - PUBLICATION, DISTRIBUTION, ETC. | |
| Place of publication, distribution, etc. | Australia |
| Name of publisher, distributor, etc. | ANU E Press |
| Date of publication, distribution, etc. | 2007 |
| 300 ## - PHYSICAL DESCRIPTION | |
| Extent | Xv,302 |
| 942 ## - ADDED ENTRY ELEMENTS (KOHA) | |
| Koha item type | Book |
| Withdrawn status | Lost status | Damaged status | Not for loan | Permanent Location | Current Location | Date acquired | Source of acquisition | Cost, normal purchase price | Total Checkouts | Full call number | Barcode | Date last seen | Price effective from | Koha item type |
|---|---|---|---|---|---|---|---|---|---|---|---|---|---|---|
| School of Natural Sciences (SNS) | School of Natural Sciences (SNS) | 10/15/2019 | Donation | 0.00 | 530.13EVA | SNS0003019 | 10/15/2019 | 10/15/2019 | Book |
